000
00298nam a22001217a 4500
999
_c
169341
_d
169341
082
_a
_b
100
_a
Lawrence D'souza
245
_a
Autobiography in indian english writing in english/
_c
by Lawrence D'souza.
260
_a
_b
Cyber Tech,
_c
2009.
300
_a
264p.
650
_a
942
_c
BK